Marketing ethics & society (Record no. 5011)

MARC details
000 -CABECERA
campo de control de longitud fija 02874cam a2200325 i 4500
001 - NÚMERO DE CONTROL
campo de control 18403651
005 - FECHA Y HORA DE LA ÚLTIMA TRANSACCIÓN
campo de control 20260512144747.0
008 - DATOS DE LONGITUD FIJA--INFORMACIÓN GENERAL
campo de control de longitud fija 141211t20152015caua b 001 0 eng d
010 ## - NÚMERO DE CONTROL DE LA BIBLIOTECA DEL CONGRESO
Número de control de LC 2014959145
020 ## - NÚMERO INTERNACIONAL ESTÁNDAR DEL LIBRO
Número Internacional Estándar del Libro 9781446296622
035 ## - NÚMERO DE CONTROL DEL SISTEMA
Número de control de sistema 18403651
035 ## - NÚMERO DE CONTROL DEL SISTEMA
Número de control de sistema (OCoLC)907010566
040 ## - FUENTE DE LA CATALOGACIÓN
Centro catalogador/agencia de origen YDXCP
Lengua de catalogación eng
Centro/agencia transcriptor YDXCP
Normas de descripción rda
Centro/agencia modificador BDX
-- OCLCO
-- CDX
-- OCLCF
-- OCLCO
-- NHA
-- OCLCO
-- NHA
-- P4A
-- UAB
-- OCLCA
-- CHVBK
-- OCLCO
-- S3O
-- OCLCO
-- DLC
041 ## - CÓDIGO DE LENGUA
Código de lengua del texto/banda sonora o título independiente English
042 ## - CÓDIGO DE AUTENTICACIÓN
Código de autenticación lccopycat
050 00 - SIGNATURA TOPOGRÁFICA DE LA BIBLIOTECA DEL CONGRESO
Número de clasificación HF5415
Número de documento/Ítem .E24 2015
100 ## - ENTRADA PRINCIPAL--NOMBRE DE PERSONA
Nombre de persona Eagle, Lynne
Término indicativo de función/relación author.
9 (RLIN) 21782
245 10 - MENCIÓN DE TÍTULO
Título Marketing ethics & society
Mención de responsabilidad, etc. / Lynne Eagle & Stephan Dahl.
246 3# - FORMA VARIANTE DE TÍTULO
Título propio/Titulo breve Marketing ethics and society
264 #1 - PRODUCCIÓN, PUBLICACIÓN, DISTRIBUCIÓN, FABRICACIÓN Y COPYRIGHT
Producción, publicación, distribución, fabricación y copyright Los Angeles :
Nombre del de productor, editor, distribuidor, fabricante SAGE,
Fecha de producción, publicación, distribución, fabricación o copyright [2015].
264 #4 - PRODUCCIÓN, PUBLICACIÓN, DISTRIBUCIÓN, FABRICACIÓN Y COPYRIGHT
Fecha de producción, publicación, distribución, fabricación o copyright ©2015
300 ## - DESCRIPCIÓN FÍSICA
Extensión xiii, 300 pages :
Otras características físicas illustrations ;
Dimensiones 24 cm
504 ## - NOTA DE BIBLIOGRAFÍA, ETC.
Nota de bibliografía, etc. Includes bibliographical references and index.
505 0# - NOTA DE CONTENIDO CON FORMATO
Nota de contenido con formato Introduction to marketing ethics — Criticisms of marketing — Contrasting perspectives on marketing — Ethical issues in marketing relationships — Ethics in new media — Ethical consumption — Marketing to young and vulnerable consumer groups — Promotion of harmful products — Lifestyle, health and pharmaceutical marketing — Tourism, heritage, cultural, arts and cause-related marketing — Ethics in social marketing — Legislation, regulation and ethics.
520 ## - SUMARIO, ETC.
Sumario, etc. Marketing, while essential to organisational success, is arguably one of the most controversial aspects of business management. Criticisms of marketing’s impact range from fostering materialism and unsustainable consumption patterns through to the use of deception, stifling of innovation and lowering of quality, to name but a few. Taking a holistic and international perspective, this book critically examines the ethical challenges marketing faces and explores strategies marketers can use to respond to those challenges.<br/><br/> <br/><br/>The book examines specific aspects of marketing activities, such as ethical considerations in relation to young consumers, potentially harmful products and criticism of the societal impact of medical, arts and tourism marketing activities. It then combines these with wider discussions of frameworks that enable marketers to respond to ethical challenges, supplemented by discussions of cross-cultural and international perspectives, consumer responses and ethical consumption movements as well as shifting historical perceptions of marketing ethics.<br/><br/>The book is accompanied by a companion website including: PowerPoint slides and teaching notes per chapter, links to free SAGE journal articles and online videos selected per chapter by the authors, quizzes per chapter and links to further reading online.
650 #0 - PUNTO DE ACCESO ADICIONAL DE MATERIA--TÉRMINO DE MATERIA
Término de materia o nombre geográfico como elemento de entrada Marketing
Subdivisión general Moral and ethical aspects
9 (RLIN) 23367
650 #0 - PUNTO DE ACCESO ADICIONAL DE MATERIA--TÉRMINO DE MATERIA
Término de materia o nombre geográfico como elemento de entrada Marketing
Subdivisión general Social aspects
9 (RLIN) 7447
700 ## - ENTRADA AGREGADA--NOMBRE PERSONAL
Nombre de persona Dahl, Stephan
Término indicativo de función/relación author.
9 (RLIN) 21318
942 ## - ELEMENTOS DE ENTRADA AGREGADA (KOHA)
Fuente del sistema de clasificación o colocación Clasificación de Library of Congress
Holdings
Estado de retiro Estado de pérdida Fuente del sistema de clasificación o colocación Estado dañado No para préstamo Biblioteca de origen Biblioteca actual Fecha de adquisición Total de préstamos Signatura topográfica completa Código de barras Fecha visto por última vez Fecha del último préstamo Número de copia Precio válido a partir de Tipo de ítem Koha
    Clasificación de Library of Congress     TBS Barcelona TBS Barcelona 07/10/2025 3 HF5415 EAG B05706 11/05/2026 19/03/2026 1 07/10/2025 Book

Powered by Koha